000 00678nam a2200253Ia 4500
003 OSt
005 20220928113056.0
006 a|||||r|||| 00| 0
007 ta
008 220927b |||||||| |||| 00| 0 eng d
020 _c180
024 _a64114
037 _cTextual
040 _aSDCL
_cSDCL
_beng
041 _2eng
_aeng
082 _aD6,8(2), N9
100 _aLeon Alexis
_9431514
245 0 _aFundamentals of information technology
260 _aChennai
_bLeon Vikas
_c1999
300 _aVarious pagination
_ccm.
700 _a Leon Mathews
_9431515
942 _hD6,8(2), N9
_cTEXL
_2CC
999 _c747988
_d747988